Electromagnetic theory & wave propagation / (Record no. 190537)
[ view plain ]
| 000 -LEADER | |
|---|---|
| fixed length control field | 01375 a2200181 4500 |
| 003 - CONTROL NUMBER IDENTIFIER | |
| control field | Nust |
| 005 - DATE AND TIME OF LATEST TRANSACTION | |
| control field | 20221025161002.0 |
| 020 ## - INTERNATIONAL STANDARD BOOK NUMBER | |
| International Standard Book Number | 817319162X |
| 040 ## - CATALOGING SOURCE | |
| Transcribing agency | Nust |
| 082 ## - DEWEY DECIMAL CLASSIFICATION NUMBER | |
| Classification number | 621.3,GHO |
| 100 ## - MAIN ENTRY--PERSONAL NAME | |
| Personal name | S.N.Ghosh |
| 9 (RLIN) | 13251 |
| 245 ## - TITLE STATEMENT | |
| Title | Electromagnetic theory & wave propagation / |
| Statement of responsibility, etc. | S. N. Ghosh |
| 260 ## - PUBLICATION, DISTRIBUTION, ETC. | |
| Place of publication, distribution, etc. | London |
| Name of publisher, distributor, etc. | Narosa publishing house |
| Date of publication, distribution, etc. | 1998 |
| 300 ## - PHYSICAL DESCRIPTION | |
| Extent | 258p |
| 505 ## - FORMATTED CONTENTS NOTE | |
| Formatted contents note | Maxwell’s Field Equation and Practical Demonstration of Electromagnetic Waves (Page-1), Propagations of E.M. Waves Through Insulator and Conductor (Page-19), E.M.Energy Flow and Boundary Condition (Page-25), Solution of Electromagnetic Wave Equation (Page-35), Units of Electromagnetic Quantities (Page-42), Waveguides , Fiber Optic and Optical Communication (Page-53), ground Wave Propagation (Page-81), Propagation of LF,VLF and ELF Wave (Page-93), Propagation Through Troposphere (Page-108), Ionosphere Work Up to World War ii and Rocket and Satellite – Borne Lonospheric Experiments (Page-120), Incoherent Scatter Radar and Ionosphere (page-144)Trapped Radiation in a Dipole Magnetic Field – Van Allen Radiation Belt (Page-169), Whistler Propagation (Page-188), MHD Waves and MHD Generators (Page-198), Satellite Communication (Page-207), Propagation of Microwaves and Millimeter Waves (Page-221). |
| 650 ## - SUBJECT ADDED ENTRY--TOPICAL TERM | |
| Topical term or geographic name entry element | Electromagnetic theory & wave propagation |
| 9 (RLIN) | 101382 |
| 942 ## - ADDED ENTRY ELEMENTS (KOHA) | |
| Source of classification or shelving scheme | |
| Koha item type | Book |
| Withdrawn status | Lost status | Source of classification or shelving scheme | Damaged status | Not for loan | Permanent Location | Current Location | Shelving location | Date acquired | Full call number | Barcode | Date last seen | Price effective from | Koha item type | Public note |
|---|---|---|---|---|---|---|---|---|---|---|---|---|---|---|
| Military College of Signals (MCS) | Military College of Signals (MCS) | General Stacks | 12/12/2016 | 621.3,GHO | MCS28205 | 12/08/2016 | 12/12/2016 | Book | Almirah No.28, Shelf No.2 |
